000 00748nam a2200205Ia 4500
001 5558
003 GE_BSU
008 181216s||||||||xx |||||||||||||| ||und||
040 _cGE_BSU
080 _a517.2(075.8)
100 _aКаплан И.А.
245 _aПрактические занятия по высшей математике.
245 _bИзд. 5-ОЕ, Ч. II. Дифференциальное исчисление функций одной и многих независимых переменных.
260 _aХарьков
260 _bИзд-во ун-та.
260 _c1973
300 _a366 с. 22 см.
653 _aПрактические занятия по высшей математике.
942 _cBK
999 _c39038
_d39038